Statistiken für Schnelle Mathematik - Multiplikation Level 08

Klicken Sie hier um das Quiz zu spielen!

Allgemein

  • Dieses Quiz wurde 87 mal gespielt
  • Das Durchschnittsergebnis liegt bei 20 aus 20

Antwortstatistiken

FrageAntwort% Korrekt
0⋅00
100%
10⋅00
100%
4⋅00
100%
5⋅00
100%
2⋅00
100%
0⋅10
100%
6⋅00
100%
7⋅00
100%
8⋅00
100%
9⋅00
100%
3⋅00
100%
1⋅00
100%
0⋅100
100%
0⋅90
100%
0⋅80
100%
0⋅70
100%
0⋅60
100%
0⋅50
100%
0⋅40
100%
0⋅30
100%
0⋅20
100%
1⋅11
100%
2⋅510
100%
5⋅210
100%
1⋅1010
100%
10⋅110
100%
10⋅10100
100%
6⋅212
100%
2⋅612
100%
3⋅412
100%
4⋅312
100%
2⋅714
100%
7⋅214
100%
3⋅515
100%
5⋅315
100%
2⋅816
100%
8⋅216
100%
4⋅416
100%
2⋅918
100%
9⋅218
100%
6⋅318
100%
3⋅618
100%
2⋅12
100%
1⋅22
100%
4⋅520
100%
5⋅420
100%
2⋅1020
100%
10⋅220
100%
7⋅321
100%
3⋅721
100%
6⋅424
100%
8⋅324
100%
3⋅824
100%
4⋅624
100%
5⋅525
100%
3⋅927
100%
9⋅327
100%
7⋅428
100%
4⋅728
100%
3⋅13
100%
1⋅33
100%
6⋅530
100%
3⋅1030
100%
10⋅330
100%
5⋅630
100%
4⋅832
100%
8⋅432
100%
5⋅735
100%
7⋅535
100%
6⋅636
100%
9⋅436
100%
4⋅936
100%
4⋅14
100%
2⋅24
100%
1⋅44
100%
8⋅540
100%
5⋅840
100%
4⋅1040
100%
10⋅440
100%
6⋅742
100%
7⋅642
100%
5⋅945
100%
9⋅545
100%
6⋅848
100%
5⋅15
100%
1⋅55
100%
5⋅1050
100%
10⋅550
100%
9⋅654
100%
6⋅954
100%
8⋅756
100%
7⋅856
100%
2⋅36
100%
3⋅26
100%
1⋅66
100%
6⋅16
100%
6⋅1060
100%
10⋅660
100%
7⋅963
100%
9⋅763
100%
8⋅864
100%
1⋅77
100%
7⋅17
100%
10⋅770
100%
7⋅1070
100%
8⋅972
100%
9⋅872
100%
4⋅28
100%
2⋅48
100%
8⋅18
100%
1⋅88
100%
8⋅1080
100%
10⋅880
100%
9⋅981
100%
1⋅99
100%
3⋅39
100%
9⋅19
100%
9⋅1090
100%
10⋅990
100%
7⋅749
88%
8⋅648
75%

Verteilung der Resultate

Perzentil nach korrekt beantworteten Fragen

Anzahl Personen mit jedem Resultat

Ihre Resultats-Entwicklung

Sie haben dieses Quiz noch nicht gespielt